| 000 | 00393nam a2200157Ia 4500 | ||
|---|---|---|---|
| 008 | 170203s9999 xx 000 0 und d | ||
| 050 | _aFic | ||
| 050 | _b.D266s 1988 | ||
| 100 | _aDavoll, Barbara | ||
| 245 | _aSaved By the Bell / | ||
| 260 | _aCanada | ||
| 260 | _bOttenheimer Publishers, Inc. | ||
| 260 | _c1988 | ||
| 300 | _a22 pages ; | ||
| 440 | _aChristopher Churchmouse Classics. | ||
| 999 |
_c306037 _d306037 |
||